Ricordi /

Shranjeno v:
Bibliografske podrobnosti
Glavni avtor: Marcus Aurelius Antoninus (Author)
Drugi avtorji: Pohlenz, Max, Turolla, Enrico
Format: Knjiga
Jezik:italijanščina
Izdano: Milano : Biblioteca Universale Rizzoli, 1984
Izdaja:3. ed
Serija:BUR. L ; 19
Oznake: Označite
Brez oznak, prvi označite!

MARC

LEADER 00000nam a22000007i 4500
001 IT\ICCU\CAT\0040422
003 ItRI
005 20250725173530.0
008 200626s1984 it |||||| ||||| |||||c
020 |a 8817120197 
040 |b ita  |c ct 
041 7 |a ita  |2 ISO-639-2 
100 0 |a Marcus Aurelius Antoninus  |0 IT\ICCU\CFIV\010390  |4 aut 
240 1 0 |a Ad se ipsum  |9 Marcus Aurelius Antoninus 
245 1 0 |a Ricordi /  |c Marco Aurelio Antonino ; introduzione di Max Pohlenz ; traduzione di Enrico Turolla. 
250 |a 3. ed 
260 |a Milano :  |b Biblioteca Universale Rizzoli,  |c 1984 
300 |a XIX, 229 p. ;  |c 18 cm. 
700 1 |a Pohlenz, Max  |0 IT\ICCU\CFIV\053217 
700 1 |a Turolla, Enrico  |0 IT\ICCU\RAVV\027164 
830 0 |a BUR. L ;  |v 19  |0 IT\ICCU\CFI\0001852 
942 |2 ddc  |c BK 
952 |0 0  |1 0  |2 ddc  |4 0  |6 B_LNR01MARAURIC11  |7 0  |9 9044  |a MI  |b MI  |d 2010-12-13  |i 6105  |l 0  |o B-LNR01-MARAU-RIC11  |p CDOM6105  |r 2025-07-17 21:50:43  |w 2025-07-17  |x DONO DEL COMUNE DI MILANO  |y BK 
952 |0 0  |1 0  |2 ddc  |4 0  |6 B_LNR01MARAURIC12  |7 0  |9 9045  |a MI  |b MI  |d 2011-03-04  |i 3728  |l 0  |o B-LNR01-MARAU-RIC12  |p CDOM3728  |r 2025-07-17 21:50:43  |w 2025-07-17  |x DONO DEL COMUNE DI MILANO  |y BK 
981 1 |6 z01  |a i   |b xxxe  
982 1 |6 z01  |a n 
999 |c 7535  |d 7535